[Event "Guelph Spring Pro-Am"]
[Site "Guelph"]
[Date "2019.04.14"]
[Round "4.2"]
[White "Mendoza, Armand Jess"]
[Black "Bailey, Doug"]
[Result "0-1"]
[WhiteElo "2001"]
[BlackElo "2251"]
[PlyCount "64"]
[EventDate "2019.04.13"]
[EventType "swiss"]
[EventRounds "5"]
[EventCountry "CAN"]
[SourceTitle "EXT 2022"]
[Source "ChessBase"]
[SourceDate "2021.10.06"]
[SourceVersion "1"]
[SourceVersionDate "2021.10.06"]
[SourceQuality "1"]

1. e4 c5 2. Nf3 a6 3. d4 cxd4 4. Nxd4 e5 5. Nf3 Nf6 6. Nc3 Nc6 7. a3 d6 8. Bc4 Bg4 9. h3 Bxf3 10. gxf3 Rc8 11. Ba2 Be7 12. Rg1 0-0 13. Bh6 Ne8 14. f4 Kh8 15. Qg4 Bf6 16. Bg5 Bxg5 17. fxg5 Nd4 18. 0-0-0 Nc7 19. Ne2 Ncb5 20. Nxd4 exd4 21. Rd3 Qa5 22. Qf5 Rc5 23. Qf3 Nc3 24. Bb3 Rxg5 25. Rh1 d5 26. bxc3 Qxa3+ 27. Kd2 dxc3+ 28. Kxc3 Rc8+ 29. Kd2 Qb4+ 30. Kd1 dxe4 31. Qf4 Ra5 32. Ke2 exd3+ 0-1

[Event "Guelph Spring Pro-Am"]
[Site "Guelph"]
[Date "2019.04.13"]
[Round "2.2"]
[White "Bailey, Doug"]
[Black "Burrows, Zachary"]
[Result "1-0"]
[WhiteElo "2251"]
[BlackElo "2194"]
[PlyCount "63"]
[EventDate "2019.04.13"]
[EventType "swiss"]
[EventRounds "5"]
[EventCountry "CAN"]
[SourceTitle "EXT 2022"]
[Source "ChessBase"]
[SourceDate "2021.10.06"]
[SourceVersion "1"]
[SourceVersionDate "2021.10.06"]
[SourceQuality "1"]

1. e4 d5 2. exd5 Qxd5 3. Nc3 Qe5+ 4. Be2 Bg4 5. d4 Bxe2 6. Ngxe2 Qh5 7. Bf4 c6 8. Qd3 e6 9. 0-0-0 Nf6 10. Kb1 Nbd7 11. h3 Bb4 12. g4 Qa5 13. g5 Nd5 14. Ne4 Nxf4 15. Nxf4 Qf5 16. Nh5 0-0-0 17. Nhg3 Qa5 18. Qf3 Rhf8 19. h4 f5 20. gxf6 Nxf6 21. Qb3 Rfe8 22. Ng5 e5 23. c3 Bd6 24. Nf7 Rd7 25. Nf5 Bc7 26. dxe5 Bxe5 27. Rxd7 Kxd7 28. Rd1+ Kc7 29. N7d6 Bxd6 30. Nxd6 Rb8 31. Qf7+ Nd7 32. Nc4 1-0

[Event "CAN-ch"]
[Site "Kitchener"]
[Date "2007.08.05"]
[Round "9"]
[White "Bailey, Doug"]
[Black "Predescu, Sebastian"]
[Result "1-0"]
[WhiteElo "2274"]
[BlackElo "2236"]
[PlyCount "83"]
[EventDate "2007.08.01"]
[EventType "swiss"]
[EventRounds "9"]
[EventCountry "CAN"]
[SourceTitle "EXT 2022"]
[Source "ChessBase"]
[SourceDate "2021.10.06"]
[SourceVersion "1"]
[SourceVersionDate "2021.10.06"]
[SourceQuality "1"]

1. e4 c5 2. Nf3 d6 3. d4 cxd4 4. Nxd4 Nf6 5. Nc3 a6 6. Bg5 e6 7. Bd3 Nbd7 8. Qd2 b5 9. f3 Bb7 10. a3 Be7 11. 0-0-0 0-0 12. h4 Qb6 13. Be3 Nc5 14. g4 b4 15. axb4 Qxb4 16. g5 Nh5 17. Kb1 Rfc8 18. Nd5 Qxd2 19. Nxe7+ Kf8 20. Bxd2 Kxe7 21. Bb4 Nf4 22. Bf1 Rab8 23. Ba3 g6 24. Rh2 Kd7 25. Nb3 Kc6 26. Rhd2 Nxb3 27. Rxd6+ Kc7 28. cxb3 Bc6 29. Bxa6 Rd8 30. Bc5 Ng2 31. b4 Nxh4 32. Be2 Rh8 33. Bf2 Rxb4 34. Bxh4 Rhb8 35. R6d2 Kb6 36. Bf2+ Ka5 37. Bd4 Ra4 38. Be5 Rb7 39. Rc1 Kb6 40. Rd3 Rb4 41. Bd6 Rb5 42. Rdc3 1-0

[Event "Canada zt"]
[Site "Toronto"]
[Date "2006.08.20"]
[Round "3"]
[White "Kaminski, Victor Kazimierz"]
[Black "Bailey, Doug"]
[Result "1-0"]
[WhiteElo "2129"]
[BlackElo "2308"]
[PlyCount "77"]
[EventDate "2006.08.18"]
[EventType "swiss"]
[EventRounds "9"]
[EventCountry "CAN"]
[SourceTitle "CBM 113 Extra"]
[Source "ChessBase"]
[SourceDate "2006.09.14"]
[SourceVersion "1"]
[SourceVersionDate "2006.09.14"]
[SourceQuality "1"]

1. e4 c5 2. Nf3 d6 3. d4 cxd4 4. Nxd4 Nf6 5. Nc3 g6 6. Be3 Bg7 7. f3 0-0 8. Qd2 Nc6 9. 0-0-0 Nxd4 10. Bxd4 Qa5 11. g4 Be6 12. a3 Rfb8 13. h4 b5 14. Nd5 Qxd2+ 15. Rxd2 Bxd5 16. Bxf6 Bxf6 17. Rxd5 a6 18. f4 Rc8 19. g5 Bg7 20. Be2 h5 21. Rh3 Ra7 22. a4 Rac7 23. c3 b4 24. Bxa6 Ra8 25. Bb5 bxc3 26. b4 f6 27. Kc2 Rf8 28. Rf3 Kh7 29. Rf1 f5 30. exf5 Rxf5 31. Rxf5 gxf5 32. Rd1 Rb7 33. Rd5 Kh8 34. a5 Kg8 35. a6 Rc7 36. Be2 e6 37. Rxd6 Bf8 38. Rd8 Kg7 39. Rxf8 1-0

[Event "CAN-ch"]
[Site "Toronto"]
[Date "2004.08.25"]
[Round "6"]
[White "Patterson, Roger"]
[Black "Bailey, Doug"]
[Result "1/2-1/2"]
[WhiteElo "2187"]
[BlackElo "2283"]
[PlyCount "76"]
[EventDate "2004.08.20"]
[EventType "swiss"]
[EventRounds "9"]
[EventCountry "CAN"]
[SourceTitle "CBM 101 Extra"]
[Source "ChessBase"]
[SourceDate "2004.09.01"]
[SourceVersion "2"]
[SourceVersionDate "2004.09.01"]
[SourceQuality "1"]

1. e4 c5 2. Nf3 d6 3. d4 cxd4 4. Nxd4 Nf6 5. Nc3 g6 6. Be3 Bg7 7. f3 0-0 8. Qd2 Nc6 9. Bc4 Nxd4 10. Bxd4 Be6 11. Nd5 Rc8 12. Nxf6+ Bxf6 13. Bxe6 fxe6 14. Bxf6 exf6 15. 0-0-0 Rc6 16. Rhe1 Qb6 17. Re3 Rfc8 18. Rd3 Qc5 19. Rc3 Qa5 20. Rxc6 Qxd2+ 21. Kxd2 Rxc6 22. Kd3 Kf7 23. c4 f5 24. b3 Kf6 25. Rd2 Ke5 26. Re2 f4 27. g4 h6 28. h4 a6 29. b4 Rc7 30. a4 b6 31. Ra2 d5 32. exd5 exd5 33. Re2+ Kd6 34. cxd5 Kxd5 35. Re8 Rd7 36. Re4 Rf7 37. Rd4+ Ke5 38. Re4+ Kd5 1/2-1/2

[Event "CAN-ch"]
[Site "Toronto"]
[Date "2004.08.23"]
[Round "4"]
[White "Predescu, Sebastian"]
[Black "Bailey, Doug"]
[Result "0-1"]
[WhiteElo "2221"]
[BlackElo "2283"]
[PlyCount "92"]
[EventDate "2004.08.20"]
[EventType "swiss"]
[EventRounds "9"]
[EventCountry "CAN"]
[SourceTitle "CBM 101 Extra"]
[Source "ChessBase"]
[SourceDate "2004.09.01"]
[SourceVersion "2"]
[SourceVersionDate "2004.09.01"]
[SourceQuality "1"]

1. e4 c5 2. Nf3 d6 3. d4 cxd4 4. Nxd4 Nf6 5. Nc3 g6 6. Be3 Bg7 7. f3 0-0 8. Qd2 Nc6 9. 0-0-0 a5 10. g4 Nxd4 11. Bxd4 a4 12. a3 Qa5 13. g5 Nh5 14. Nd5 e6 15. Qxa5 Rxa5 16. Bb6 exd5 17. Bxa5 dxe4 18. fxe4 Be5 19. Bb5 Bg4 20. Rde1 Nf4 21. Bd2 Rc8 22. Kb1 Ng2 23. Ref1 Nh4 24. Rf2 Bf3 25. Re1 Rc7 26. Bxa4 Re7 27. c3 Bg2 28. Bb3 Bh3 29. Kc2 b5 30. Bd5 Kg7 31. Bc6 f5 32. gxf6+ Bxf6 33. Bxb5 g5 34. Bc6 g4 35. Bf4 Nf3 36. Rd1 Ne5 37. Rxd6 h5 38. Bxe5 Bxe5 39. Rd3 h4 40. a4 Kh6 41. Kd2 Rg7 42. Rxh3 gxh3 43. Ke2 Rg2 44. Rxg2 hxg2 45. Kf2 h3 46. Kg1 Bf4 0-1

[Event "Todd Southam Memorial"]
[Site "Toronto"]
[Date "2004.06.13"]
[Round "6"]
[White "Krnan, Tomas"]
[Black "Bailey, Doug"]
[Result "1/2-1/2"]
[WhiteElo "2312"]
[BlackElo "2283"]
[PlyCount "61"]
[EventDate "2004.06.13"]
[EventType "schev (rapid)"]
[EventRounds "6"]
[EventCountry "CAN"]
[SourceTitle "CBM 100 Extra"]
[Source "ChessBase"]
[SourceDate "2004.07.06"]
[SourceVersion "2"]
[SourceVersionDate "2004.07.06"]
[SourceQuality "1"]

1. e4 c5 2. Nf3 d6 3. d4 cxd4 4. Nxd4 Nf6 5. Nc3 g6 6. f4 Nbd7 7. Bd3 Bg7 8. Be3 0-0 9. h3 a6 10. 0-0 Qc7 11. a4 b6 12. Nd5 Nxd5 13. exd5 Nc5 14. c4 Nxd3 15. Qxd3 Bd7 16. b3 Rab8 17. Rae1 f5 18. Bf2 Bf6 19. Ne6 Bxe6 20. Rxe6 Rf7 21. Rfe1 Kf8 22. g4 b5 23. axb5 axb5 24. cxb5 Qc3 25. Qxc3 Bxc3 26. Rc1 Ba5 27. g5 Bb6 28. Rc6 Bxf2+ 29. Kxf2 Rxb5 30. Rc8+ Kg7 31. Rc7 1/2-1/2

[Event "Toronto Remembrance Day op"]
[Site "Toronto"]
[Date "2002.11.10"]
[Round "5"]
[White "Findlay, Ian T"]
[Black "Bailey, Doug"]
[Result "1-0"]
[WhiteElo "2368"]
[BlackElo "2306"]
[PlyCount "83"]
[EventDate "2002.11.08"]
[EventType "swiss"]
[EventRounds "5"]
[EventCountry "CAN"]
[SourceTitle "EXT 2007"]
[Source "ChessBase"]
[SourceDate "2006.11.23"]
[SourceVersion "1"]
[SourceVersionDate "2006.11.23"]
[SourceQuality "1"]

1. e4 c5 2. Nf3 d6 3. d4 cxd4 4. Nxd4 Nf6 5. Nc3 g6 6. Be3 Bg7 7. f3 0-0 8. Qd2 Nc6 9. 0-0-0 a5 10. g4 a4 11. a3 Qa5 12. h4 Bxg4 13. fxg4 Nxg4 14. Ndb5 Rfc8 15. Bg5 Nb4 16. Kb1 Rc5 17. Nd5 Nxd5 18. Qxa5 Rxa5 19. Rxd5 Rc8 20. Bh3 e6 21. Nxd6 exd5 22. Nxc8 Nf2 23. exd5 h6 24. Bd2 Ra8 25. Ne7+ Kf8 26. Nxg6+ Kg8 27. Ne7+ Kf8 28. Rf1 Nxh3 29. Nf5 Rd8 30. Bb4+ Kg8 31. Rf3 Kh7 32. d6 Ng5 33. hxg5 hxg5 34. Rh3+ Kg8 35. Rg3 f6 36. Rc3 Kh7 37. Rc7 Kg6 38. Nxg7 Rh8 39. d7 Rh1+ 40. Ka2 Rd1 41. Ne6 f5 42. Nxg5 1-0

[Event "CAN-ch U20 1982-83"]
[Site "Toronto"]
[Date "1992.12.27"]
[Round "2"]
[White "Schleifer, Michael"]
[Black "Bailey, Doug"]
[Result "0-1"]
[WhiteElo "2145"]
[BlackElo "2105"]
[PlyCount "90"]
[EventDate "1982.12.26"]
[EventType "tourn"]
[EventRounds "11"]
[EventCountry "CAN"]
[SourceTitle "EXT 2022"]
[Source "ChessBase"]
[SourceDate "2021.10.06"]
[SourceVersion "1"]
[SourceVersionDate "2021.10.06"]
[SourceQuality "1"]

1. d4 Nf6 2. c4 g6 3. Nc3 d5 4. Nf3 Bg7 5. Bf4 0-0 6. Rc1 c6 7. e3 Nbd7 8. cxd5 Nxd5 9. Nxd5 cxd5 10. Bc7 Qe8 11. Be2 Nb6 12. 0-0 Bd7 13. Ne5 Bb5 14. b3 Bxe2 15. Qxe2 Nd7 16. Nf3 Nf6 17. a4 Ne4 18. Rc2 Qd7 19. Ne5 Qf5 20. f3 Nf6 21. a5 Rfc8 22. Rfc1 Ne8 23. a6 bxa6 24. e4 Qe6 25. Rc6 Rxc7 26. Rxc7 Bxe5 27. R7c6 Bxd4+ 28. Kh1 Nd6 29. Qd3 Bb6 30. exd5 Qe5 31. R6c2 Nf5 32. Qe4 Qxe4 33. fxe4 Nd4 34. Rc3 Ne2 35. Rc8+ Kg7 36. g4 Nxc1 37. Rxa8 Nxb3 38. e5 a5 39. d6 exd6 40. exd6 Kf6 41. Re8 Nc5 42. h4 Ne6 43. g5+ Ke5 44. Re7 Kxd6 45. Rxf7 a4 0-1

[Event "Ontario"]
[Site "Ontario"]
[Date "1992.??.??"]
[Round "?"]
[White "Bailey, Doug"]
[Black "Schleifer, Michael"]
[Result "0-1"]
[WhiteElo "2355"]
[BlackElo "2240"]
[PlyCount "84"]
[EventDate "1992.??.??"]
[EventType "tourn"]
[EventRounds "9"]
[EventCountry "CAN"]
[SourceTitle "EXT 1998"]
[Source "ChessBase"]
[SourceDate "1997.11.17"]
[SourceVersion "1"]
[SourceVersionDate "1997.11.17"]
[SourceQuality "1"]

1. e4 e5 2. Nf3 Nc6 3. Bb5 Nf6 4. 0-0 Be7 5. Re1 d6 6. c3 Bd7 7. d4 0-0 8. d5 Nb8 9. Bxd7 Nbxd7 10. c4 Nc5 11. Nc3 a5 12. Qc2 c6 13. Be3 cxd5 14. Bxc5 dxe4 15. Nxe4 Nxe4 16. Rxe4 dxc5 17. Rxe5 Qc7 18. Rh5 g6 19. Rh3 Qf4 20. Re1 Bf6 21. Re4 Qd6 22. Qc1 Rfe8 23. Rxe8+ Rxe8 24. g4 Re4 25. Rg3 Re2 26. Rh3 Bg7 27. a4 Bd4 28. Nxd4 Qxd4 29. Re3 Qxg4+ 30. Kf1 Rxe3 31. fxe3 Qf3+ 32. Kg1 h5 33. Qc3 Qd1+ 34. Kf2 Qxa4 35. Qd3 Qa2 36. Qc3 a4 37. Kf3 Qb1 38. Kf2 Qe4 39. Kg3 h4+ 40. Kf2 h3 41. Kg3 Qg2+ 42. Kh4 f5 0-1

[Event "Ontario"]
[Site "Ontario"]
[Date "1992.??.??"]
[Round "?"]
[White "Livshits, Ron"]
[Black "Bailey, Doug"]
[Result "1-0"]
[WhiteElo "2310"]
[BlackElo "2355"]
[PlyCount "213"]
[EventDate "1992.??.??"]
[EventType "tourn"]
[EventRounds "9"]
[EventCountry "CAN"]
[SourceTitle "EXT 1998"]
[Source "ChessBase"]
[SourceDate "1997.11.17"]
[SourceVersion "1"]
[SourceVersionDate "1997.11.17"]
[SourceQuality "1"]

1. e4 c5 2. Nf3 d6 3. c3 Nf6 4. Be2 e5 5. 0-0 Nc6 6. d4 cxd4 7. cxd4 Bg4 8. Be3 Bxf3 9. Bxf3 Qb6 10. dxe5 Qxb2 11. exf6 Qxa1 12. Qb3 Nd4 13. Bxd4 Qxd4 14. Qxb7 Qxf6 15. Qc6+ Ke7 16. Qxa8 Qb2 17. Qxa7+ Kf6 18. Qa5 Qe5 19. Qd8+ Kg6 20. a4 h5 21. a5 Kh7 22. a6 Be7 23. Qc7 g5 24. g3 g4 25. Bg2 h4 26. a7 hxg3 27. fxg3 Kg6 28. Qb8 Bg5 29. Re1 Qa5 30. Re2 Qc5+ 31. Rf2 Be3 32. Qxh8 Bxf2+ 33. Kf1 Bg1 34. Qg8+ Kf6 35. e5+ dxe5 36. Qd8+ Kg6 37. Be4+ f5 38. Qg8+ Kf6 39. Qa2 Qxa7 40. Qxa7 Bxa7 41. Bb7 Bd4 42. Nd2 Be3 43. Nc4 Bc5 44. Bc8 Kg5 45. Nxe5 Ba3 46. Nc4 Bc5 47. Ke2 f4 48. Ne5 fxg3 49. hxg3 Ba7 50. Nxg4 Bb6 51. Kf3 Bc7 52. Nf2 Be5 53. Ne4+ Kh5 54. Bd7 Bc7 55. Be8+ Kh6 56. Kg4 Kg7 57. Kf5 Bb6 58. g4 Bd4 59. Ng5 Bb2 60. Ne6+ Kh7 61. Kg5 Bc3 62. Bg6+ Kg8 63. Kh6 Bb2 64. Be8 Bc3 65. Kg6 Bb2 66. Bf7+ Kh8 67. Ng5 Bc3 68. Ba2 Bb2 69. Kf7 Bc1 70. Ne6 Bd2 71. Bb1 Bc1 72. Nd8 Bd2 73. Nc6 Bc1 74. Ne5 Bd2 75. Kf6 Be1 76. g5 Kg8 77. Ba2+ Kh8 78. Kf7 Bc3 79. Ng4 Bg7 80. Nf6 Bh6 81. g6 Bg7 82. Ne8 Ba1 83. g7+ Bxg7 84. Nxg7 Kh7 85. Nf5 Kh8 86. Bb1 Kh7 87. Kf6 Kh8 88. Nd6 Kg8 89. Nf7 Kf8 90. Bh7 Ke8 91. Ne5 Kd8 92. Be4 Kc7 93. Nc4 Kd7 94. Kf7 Kd8 95. Bc6 Kc8 96. Bb5 Kd8 97. Kf8 Kc7 98. Ke7 Kc8 99. Bc6 Kc7 100. Bd7 Kb8 101. Kd8 Kb7 102. Bb5 Kb8 103. Ba6 Ka7 104. Bc8 Kb8 105. Kd7 Ka8 106. Kc7 Ka7 107. Nd6 1-0

[Event "Ontario"]
[Site "Ontario"]
[Date "1992.??.??"]
[Round "?"]
[White "Polacek, Jozef"]
[Black "Bailey, Doug"]
[Result "0-1"]
[WhiteElo "2250"]
[BlackElo "2355"]
[PlyCount "72"]
[EventDate "1992.??.??"]
[EventType "tourn"]
[EventRounds "9"]
[EventCountry "CAN"]
[SourceTitle "EXT 1998"]
[Source "ChessBase"]
[SourceDate "1997.11.17"]
[SourceVersion "1"]
[SourceVersionDate "1997.11.17"]
[SourceQuality "1"]

1. e4 c5 2. c3 Nf6 3. e5 Nd5 4. d4 cxd4 5. Nf3 d6 6. cxd4 Nc6 7. exd6 Qxd6 8. Nc3 g6 9. Bc4 Nxc3 10. bxc3 Bg7 11. 0-0 0-0 12. a4 Na5 13. Ba2 Be6 14. Qe2 Nb3 15. Rb1 Nxc1 16. Rfxc1 Bxa2 17. Qxa2 b6 18. Rb5 Rac8 19. h3 Qf4 20. Rbb1 Rc7 21. a5 bxa5 22. Qxa5 Rfc8 23. Rd1 Rxc3 24. Qxa7 Bf6 25. Qa6 Rc2 26. Qf1 g5 27. Rd3 h5 28. Re1 R8c3 29. Rxc3 Rxc3 30. Qe2 g4 31. hxg4 hxg4 32. Ne5 g3 33. fxg3 Qxd4+ 34. Kh2 Rc5 35. Nf3 Rh5+ 36. Nh4 Rxh4+ 0-1

[Event "Ontario"]
[Site "Ontario"]
[Date "1992.??.??"]
[Round "?"]
[White "Southam, David"]
[Black "Bailey, Doug"]
[Result "1-0"]
[WhiteElo "2270"]
[BlackElo "2355"]
[PlyCount "197"]
[EventDate "1992.??.??"]
[EventType "tourn"]
[EventRounds "9"]
[EventCountry "CAN"]
[SourceTitle "EXT 1998"]
[Source "ChessBase"]
[SourceDate "1997.11.17"]
[SourceVersion "1"]
[SourceVersionDate "1997.11.17"]
[SourceQuality "1"]

1. d4 Nf6 2. c4 g6 3. Nc3 d5 4. cxd5 Nxd5 5. e4 Nxc3 6. bxc3 Bg7 7. Bc4 0-0 8. Ne2 c5 9. 0-0 Nc6 10. Be3 Qc7 11. Rc1 Rd8 12. Bf4 Qd7 13. d5 Qe8 14. Bc7 Rd7 15. Bg3 a6 16. f4 Na5 17. Bb3 c4 18. Bc2 e6 19. d6 b5 20. e5 Bb7 21. a4 Rc8 22. Rb1 Rc5 23. axb5 axb5 24. Nd4 Qa8 25. Qe2 Qa6 26. Ra1 Qb6 27. Bf2 g5 28. Qh5 Nb3 29. Nxe6 h6 30. Bxb3 Qc6 31. Qf3 fxe6 32. Qxc6 Rxc6 33. Bc2 gxf4 34. Bd4 b4 35. Be4 bxc3 36. Bxc6 Bxc6 37. Bxc3 f3 38. gxf3 h5 39. Kf2 Kf7 40. Ke3 Bh6+ 41. f4 Kg6 42. Kd4 Kf5 43. Kxc4 Rb7 44. Kc5 Bd5 45. Ra8 Ke4 46. Ra4+ Kf5 47. Bb4 h4 48. Rf2 h3 49. Ra3 Bg2 50. Rg3 Bd5 51. Rxh3 Bf8 52. Ba5 Rb8 53. Rh7 Ke4 54. f5 Ra8 55. Bd2 Rc8+ 56. Kb4 Kxe5 57. Bf4+ Kd4 58. fxe6 Rb8+ 59. Ka3 Bxe6 60. Rh5 Kc4 61. Rc2+ Kd3 62. Rc7 Bg4 63. Rhc5 Ke4 64. Rc4+ Kd3 65. Rc3+ Ke4 66. R3c4+ Kd3 67. Be5 Be6 68. Rd4+ Ke3 69. Rc3+ Ke2 70. Bf4 Ra8+ 71. Kb4 Kf1 72. Rf3+ Kg2 73. Rg3+ Kf1 74. Rd1+ Ke2 75. Rd2+ Kf1 76. Rf3+ Ke1 77. Re3+ Kxd2 78. Ra3+ Ke2 79. Rxa8 Bxd6+ 80. Bxd6 Kf3 81. Ra7 Kg4 82. Rg7+ Kh3 83. Rg3+ Kh4 84. Be7+ Kh5 85. Rg5+ Kh6 86. h4 Bh3 87. Bf8+ Kh7 88. Rg7+ Kh8 89. Kc5 Bf5 90. Kd6 Bb1 91. Ke7 Bc2 92. Kf6 Bb1 93. h5 Bc2 94. h6 Bd3 95. Re7 Bb5 96. Bg7+ Kh7 97. Rb7 Bc6 98. Rb8 Be8 99. Rd8 1-0

[Event "Labor Day op2"]
[Site "Canada"]
[Date "1992.??.??"]
[Round "2"]
[White "Spraggett, Grant"]
[Black "Bailey, Doug"]
[Result "1-0"]
[WhiteElo "2275"]
[BlackElo "2355"]
[PlyCount "63"]
[EventDate "1992.??.??"]
[EventType "swiss"]
[EventRounds "6"]
[EventCountry "CAN"]
[SourceTitle "EXT 2000"]
[Source "ChessBase"]
[SourceDate "1999.11.16"]
[SourceVersion "1"]
[SourceVersionDate "1999.11.16"]
[SourceQuality "1"]

1. c4 Nf6 2. g3 d5 3. cxd5 Nxd5 4. Bg2 e6 5. Nc3 Be7 6. Qb3 c6 7. Nf3 Nd7 8. 0-0 0-0 9. d4 b6 10. e4 Nxc3 11. bxc3 Bb7 12. c4 b5 13. Re1 Ba6 14. cxb5 Bxb5 15. Bf4 g5 16. Be3 Rb8 17. Qc2 Nb6 18. a4 Ba6 19. Ne5 f6 20. Nxc6 Qc7 21. a5 Nc4 22. Nxb8 Qxb8 23. Qa2 f5 24. exf5 Rxf5 25. Bh3 Qc8 26. Rec1 Qc6 27. Bg2 Qb5 28. Bf1 Rc5 29. dxc5 Bb7 30. Bxc4 Qc6 31. Bxe6+ Kf8 32. Bd5 1-0

[Event "Canada zt"]
[Site "Canada"]
[Date "1989.??.??"]
[Round "?"]
[White "Bailey, Doug"]
[Black "Hartman, Brian"]
[Result "0-1"]
[WhiteElo "2355"]
[BlackElo "2345"]
[PlyCount "90"]
[EventDate "1989.??.??"]
[EventType "tourn"]
[EventRounds "15"]
[EventCountry "CAN"]
[EventCategory "4"]
[SourceTitle "EXT 1997"]
[Source "ChessBase"]
[SourceDate "1996.11.15"]
[SourceVersion "1"]
[SourceVersionDate "1996.11.15"]
[SourceQuality "1"]

1. e4 e5 2. Nf3 Nc6 3. Bb5 a6 4. Ba4 Nf6 5. 0-0 Be7 6. Re1 b5 7. Bb3 0-0 8. d4 d6 9. d5 Na5 10. Bd2 Nxb3 11. axb3 c6 12. dxc6 Qc7 13. Bg5 Qxc6 14. Qd3 Be6 15. Nc3 Rfc8 16. Re2 Rc7 17. Bxf6 Bxf6 18. Rd2 Rac8 19. h3 Be7 20. Nh2 Bg5 21. Re2 g6 22. Nf1 f5 23. f3 b4 24. Nd1 fxe4 25. fxe4 Qc5+ 26. Kh1 Bd7 27. c4 bxc3 28. bxc3 Rf8 29. Nfe3 Be6 30. b4 Qb5 31. Qxb5 axb5 32. Rd2 Rc6 33. Ra3 Rf4 34. Kg1 Rxe4 35. Ra8+ Kg7 36. Ra7+ Kh6 37. Re2 d5 38. g3 d4 39. cxd4 exd4 40. Ng4+ Bxg4 41. Rxe4 Bxd1 42. Re5 Be3+ 43. Kf1 Bf3 44. Ra1 Rc2 45. g4 Rf2+ 0-1

[Event "Toronto"]
[Site "Toronto"]
[Date "1989.??.??"]
[Round "8"]
[White "Bailey, Doug"]
[Black "Kovacevic, Vlatko"]
[Result "0-1"]
[WhiteElo "2355"]
[BlackElo "2545"]
[PlyCount "104"]
[EventDate "1989.03.??"]
[EventType "tourn"]
[EventRounds "11"]
[EventCountry "CAN"]
[EventCategory "8"]
[SourceTitle "EXT 1997"]
[Source "ChessBase"]
[SourceDate "1996.11.15"]
[SourceVersion "1"]
[SourceVersionDate "1996.11.15"]
[SourceQuality "1"]

1. e4 e6 2. d4 d5 3. Nc3 Nf6 4. Bg5 dxe4 5. Nxe4 Be7 6. Nxf6+ Bxf6 7. Bxf6 Qxf6 8. Nf3 0-0 9. Bd3 c5 10. dxc5 Qxb2 11. 0-0 Nd7 12. Ng5 h6 13. Ne4 Qe5 14. Rb1 f5 15. Nd6 Nxc5 16. Nb5 Bd7 17. Re1 Qf6 18. Bc4 Kh8 19. Qd6 Bxb5 20. Rxb5 b6 21. Rbb1 Rad8 22. Qe5 Qxe5 23. Rxe5 Rd2 24. Rc1 Rfd8 25. Kf1 Rd1+ 26. Rxd1 Rxd1+ 27. Ke2 Rd6 28. Re3 g5 29. Ke1 Kg7 30. Ra3 a5 31. Re3 f4 32. Re2 Kf6 33. Rd2 Rxd2 34. Kxd2 Ne4+ 35. Ke1 e5 36. f3 Nd6 37. Bd5 e4 38. fxe4 Ke5 39. Bc6 Nxe4 40. a4 Kd4 41. Ke2 Nd6 42. Bd7 Nc4 43. Bb5 Na3 44. Bd3 Kc3 45. Kf3 Nxc2 46. Be4 Nd4+ 47. Kg4 b5 48. axb5 Nxb5 49. Kh5 a4 50. Kxh6 a3 51. Bd5 g4 52. Kg5 f3 0-1